A sportturizmus hatása hazánkban – különös tekintettel a labdarúgásra
| Main Author: | |
|---|---|
| Other Authors: | |
| Format: | Thesis |
| Kulcsszavak: | futballturizmus gazdaság labdarúgás Magyar Labdarúgó Szövetség sportturizmus |
| Online Access: | http://dolgozattar.uni-bge.hu/59476 |
MARC
| LEADER | 00000nta a2200000 i 4500 | ||
|---|---|---|---|
| 001 | dolg59476 | ||
| 005 | 20260409145120.0 | ||
| 008 | 260409suuuu hu om 000 hun d | ||
| 040 | |a BGE Dolgozattár Repozitórium |b hun | ||
| 041 | |a hu | ||
| 100 | 1 | |a Szmilek Jázmin | |
| 245 | 1 | 2 | |a A sportturizmus hatása hazánkban – különös tekintettel a labdarúgásra |c Szmilek Jázmin |h [elektronikus dokumentum] |
| 520 | 3 | |a Szakdolgozatom témája a sportturizmus hatásának vizsgálata Magyarországon, különös tekintettel a labdarúgás szerepére. A kutatás célja annak feltárása volt, hogy a futball, specifikusan a magyar férfi labdarúgó-válogatott, milyen mértékben járul hozzá hazánk gazdasági és turisztikai fejlődéséhez. A vizsgálathoz két mélyinterjút készítettem – az egyik interjúalanyom Fiola Attila 64-szeres válogatott labdarúgó volt –, valamint egy kérdőíves felmérést is végeztem a témában. Az eredmények alapján megállapítható, hogy a Magyar Labdarúgó Szövetség az elmúlt években jelentős fejlődésen ment keresztül, és aktívan támogatja a sportturizmus erősödését hazánkban. Ugyanakkor a futballturizmus stabilizálása terén még vannak lemaradásaink a nyugat-európai országokhoz képest. Dolgozatomban a kutatásokra támaszkodva több megoldási javaslatot is bemutatok a futballturizmus további potenciális fejlesztésére. | |
| 695 | |a futballturizmus | ||
| 695 | |a gazdaság | ||
| 695 | |a labdarúgás | ||
| 695 | |a Magyar Labdarúgó Szövetség | ||
| 695 | |a sportturizmus | ||
| 700 | 1 | |a Barka Nikoletta |e ths | |
| 856 | 4 | 0 | |u http://dolgozattar.uni-bge.hu/59476/1/Szmilek%20J%C3%A1zmin_A%20sportturizmus%20hat%C3%A1sa%20haz%C3%A1nkban%20-%20k%C3%BCl%C3%B6n%C3%B6s%20tekintettel%20a%20labdar%C3%BAg%C3%A1sra.pdf |z Dokumentum-elérés |
| 856 | 4 | 0 | |u http://dolgozattar.uni-bge.hu/59476/2/Szmilek_J%C3%A1zmin_konzulens_Barka_Nikoletta.pdf |z Dokumentum-elérés |
| 856 | 4 | 0 | |u http://dolgozattar.uni-bge.hu/59476/3/Szmilek%20J%C3%A1zmin_opponens_%C5%90ry%20Kinga.pdf |z Dokumentum-elérés |